00659nam a22002297a 4500003001100000005001700011008004100028020001500069040003900084041000800123082001500131100003400146245002900180260003400209300001100243490001200254650002900266650002200295942000700317952009000324999001500414LK-CoMWRAF20240309114242.0240309b2006 |||||||| |||| 00| 0 eng d a9960984648 aLK-CoMWRAFdLK-CoMWRAFeLK-CoMWRAF aeng a297.7bALM a Al Ma' sumi, Bashir Muhammad aIslamic education series aMakkah:bAl-Mukarramah,c2006 a136 p. aBookv5 aISLAM-General principles aIslamic education cBK 00104070aMAINbMAINd2024-03-09l0o297.7 ALMpRAF5184r2024-03-09w2024-03-09yBK c4844d4844